Ricostruisci la Carriera del Calciatore - Clint Dempsey - Statistics

Statistiche generali
  • Questo quiz è stato fatto 14 volte
  • Il punteggio medio è 4 su 6
Statistiche sulle risposte
Hint Risposta % Corretto
2007-2012 Fulham
86%
2013 Seattle Sounders
86%
2012-2013 Tottenham
86%
2013-2014 Fulham
71%
2004-2006 N.E. Revolution
71%
2014-2018 Seattle Sounders
14%
Nessun quiz corrispondente trovato
Distribuzione punteggi
Percentuale di utenti per punteggio
Percentile per numero di risposta
I tuoi punteggi nel tempo
Non hai fatto questo quiz